000 00340nam a2200133Ia 4500
008 220217s9999||||xx |||||||||||||| ||und||
020 _a0-07-451681-7
082 _a621.381 5 IYE
100 _aIyer. T.S.K.V
_93733
245 0 _aCircuit theory
260 _aTata mcgraw hill
_bNew Delhi
_c2002
300 _b225
650 _aCIRCUITRY
999 _c172460
_d172460